000 00803nam a2200229Ia 4500
001 9948
003 GE_BSU
008 181216s||||||||xx |||||||||||||| ||und||
040 _cGE_BSU
080 _a821.353.1-22
100 _aნახუცრიშვილი,გ
245 _aშაითან ხიხო
245 _bზღაპარი-კომედია 3მოქმედებად.
245 _cრედ:ნ.გურაბანიძე;მხატვ:თ.სამსონაძე
260 _aთბილისი.
260 _bხელოვნება
260 _c1970.
300 _a88გვ;17სმ.
653 _aზღაპარი-კომედია 3მოქმედებად.
653 _aშაითან ხიხო
942 _cBK
999 _c43221
_d43221